Normal view MARC view
  • Touseef Hayat

Entry Personal Name

Number of records used in: 1

001 - CONTROL NUMBER

  • control field: 70121

003 - CONTROL NUMBER IDENTIFIER

  • control field: NUST

005 - DATE AND TIME OF LATEST TRANSACTION

  • control field: 20210628204357.0

008 - FIXED-LENGTH DATA ELEMENTS

  • fixed length control field: 210628|| aca||aabn | a|a d

040 ## - CATALOGING SOURCE

  • Original cataloging agency: NUST
  • Transcribing agency: NUST

100 ## - HEADING--PERSONAL NAME

  • Personal name: Touseef Hayat

670 ## - SOURCE DATA FOUND

  • Source citation: Work cat.: (NUST): Touseef Hayat, TH-SOF-1260-Permittivity Sensing and Measurement Using Resonant Perturbation Technique, 2016
© 2023 Central Library, National University of Sciences and Technology. All Rights Reserved.